[Event "Bundesliga 0102"]
[Site "Deutschland"]
[Date "2002.04.13"]
[Round "12.2"]
[White "Nielsen, Peter Heine"]
[Black "Gustafsson, Jan"]
[Result "1/2-1/2"]
[WhiteElo "2593"]
[BlackElo "2535"]
[PlyCount "68"]
[EventDate "2001.10.06"]
[EventType "team"]
[EventRounds "15"]
[EventCountry "GER"]
[SourceTitle "Bundesliga 0102"]
[Source "DeepChess"]
[SourceDate "2005.01.01"]
[SourceVersion "1"]
[SourceVersionDate "2005.01.01"]
[SourceQuality "1"]
[WhiteTeam "SV Wattenscheid 1930"]
[BlackTeam "Hamburger SK 1830 e.V."]
[WhiteTeamCountry "GER"]
[BlackTeamCountry "GER"]

1. Nf3 Nf6 2. c4 c5 3. d4 cxd4 4. Nxd4 e6 5. g3 d5 6. Bg2 e5 7. Nf3 d4 8. O-O
Nc6 9. e3 Bc5 10. exd4 exd4 11. Nbd2 O-O 12. Nb3 Qb6 13. Re1 Bf5 14. Ne5 Rfe8
15. Nxc6 bxc6 16. Bd2 Rxe1+ 17. Bxe1 a5 18. Qd2 a4 19. Nxc5 Qxc5 20. Rd1 Qxc4
21. Qxd4 Qxd4 22. Rxd4 Nd5 23. Rc4 Bd7 24. Bd2 Kf8 25. Be4 Ke7 26. Bc2 a3 27.
b3 Kd6 28. Rh4 h6 29. Kf1 c5 30. Bd3 Rb8 31. Bc4 Ra8 32. Ke2 Bf5 33. Bxd5 Kxd5
34. Bc1 Bb1 1/2-1/2

[Event "Bundesliga 0102"]
[Site "Deutschland"]
[Date "2002.04.13"]
[Round "12.3"]
[White "Berg, Emanuel"]
[Black "Hall, Jesper"]
[Result "1/2-1/2"]
[WhiteElo "2496"]
[BlackElo "2501"]
[PlyCount "96"]
[EventDate "2001.10.06"]
[EventType "team"]
[EventRounds "15"]
[EventCountry "GER"]
[SourceTitle "Bundesliga 0102"]
[Source "DeepChess"]
[SourceDate "2005.01.01"]
[SourceVersion "1"]
[SourceVersionDate "2005.01.01"]
[SourceQuality "1"]
[WhiteTeam "Hamburger SK 1830 e.V."]
[BlackTeam "SV Wattenscheid 1930"]
[WhiteTeamCountry "GER"]
[BlackTeamCountry "GER"]

1. e4 c5 2. Nf3 e6 3. d4 cxd4 4. Nxd4 Nf6 5. Nc3 Nc6 6. Ndb5 Bc5 7. Bf4 O-O 8.
Bc7 Qe7 9. Bd6 Bxd6 10. Qxd6 Ne8 11. Qxe7 Nxe7 12. O-O-O f5 13. Nd6 Nxd6 14.
Rxd6 fxe4 15. Nxe4 Nf5 16. Rd2 d5 17. Ng5 b6 18. Nf3 Nd6 19. Bd3 Bd7 20. Re1
Nf7 21. c4 Rac8 22. Kb1 Rfe8 23. cxd5 exd5 24. Rxe8+ Rxe8 25. Bc2 Bg4 26. Bb3
Bxf3 27. gxf3 Re1+ 28. Kc2 Kf8 29. Rxd5 Ke7 30. Kd2 Rh1 31. Rf5 Nd6 32. Rh5 h6
33. Kc3 Kf6 34. Rd5 Nf5 35. Bc2 Ne7 36. Rd6+ Ke5 37. Rd7 Ke6 38. Rxa7 Rxh2 39.
Bb3+ Kd6 40. Rb7 Rxf2 41. Rxb6+ Kc5 42. Rb7 Rxf3+ 43. Kd2 Nf5 44. Bc2 g5 45. a4
Nd6 46. b4+ Kc4 47. Rd7 Rf2+ 48. Kc1 Kc3 1/2-1/2

[Event "Bundesliga 0102"]
[Site "Deutschland"]
[Date "2002.04.13"]
[Round "12.4"]
[White "Holzke, Frank"]
[Black "Hansen, Sune Berg"]
[Result "1-0"]
[WhiteElo "2468"]
[BlackElo "2536"]
[PlyCount "85"]
[EventDate "2001.10.06"]
[EventType "team"]
[EventRounds "15"]
[EventCountry "GER"]
[SourceTitle "Bundesliga 0102"]
[Source "DeepChess"]
[SourceDate "2005.01.01"]
[SourceVersion "1"]
[SourceVersionDate "2005.01.01"]
[SourceQuality "1"]
[WhiteTeam "SV Wattenscheid 1930"]
[BlackTeam "Hamburger SK 1830 e.V."]
[WhiteTeamCountry "GER"]
[BlackTeamCountry "GER"]

1. e4 c5 2. Nf3 d6 3. d4 Nf6 4. Nc3 cxd4 5. Nxd4 a6 6. Bg5 e6 7. f4 Qb6 8. Nb3
Nbd7 9. Be2 Be7 10. Qd2 Qc7 11. Bf3 h6 12. Bxf6 Nxf6 13. O-O-O e5 14. Kb1 b5
15. Rhe1 O-O 16. fxe5 dxe5 17. Nd5 Nxd5 18. exd5 Bd6 19. g4 f5 20. gxf5 Bxf5
21. Be4 Bg4 22. Rc1 Rf4 23. Na5 Raf8 24. Nc6 Kh8 25. Qg2 Qf7 26. a3 Bf5 27.
Bxf5 Qxf5 28. Rg1 g5 29. Qd2 Qf7 30. Rge1 Re8 31. Re2 Kh7 32. Ka2 e4 33. b3 Kg8
34. Rd1 Qf6 35. Nd4 Qe5 36. Ne6 Rh4 37. Qe3 Rc8 38. Qa7 Qc3 39. Qxa6 Be5 40.
Nd4 Re8 41. Qg6+ Kf8 42. Rf1+ Bf4 43. Ne6+ 1-0

[Event "Bundesliga 0102"]
[Site "Deutschland"]
[Date "2002.04.13"]
[Round "12.5"]
[White "Wahls, Matthias"]
[Black "Handke, Florian"]
[Result "0-1"]
[WhiteElo "2580"]
[BlackElo "2384"]
[PlyCount "60"]
[EventDate "2001.10.06"]
[EventType "team"]
[EventRounds "15"]
[EventCountry "GER"]
[SourceTitle "Bundesliga 0102"]
[Source "DeepChess"]
[SourceDate "2005.01.01"]
[SourceVersion "1"]
[SourceVersionDate "2005.01.01"]
[SourceQuality "1"]
[WhiteTeam "Hamburger SK 1830 e.V."]
[BlackTeam "SV Wattenscheid 1930"]
[WhiteTeamCountry "GER"]
[BlackTeamCountry "GER"]

1. c4 Nf6 2. Nc3 e5 3. Nf3 Nc6 4. e3 Bb4 5. Nd5 Bd6 6. a3 e4 7. Ng1 Ne5 8. f4
exf3 9. Nxf3 Neg4 10. Nc3 b6 11. Nb5 Be7 12. h3 Nh6 13. Bd3 d5 14. cxd5 c6 15.
Nbd4 Qxd5 16. Qc2 Bd7 17. b3 Bd6 18. g4 c5 19. e4 Qb7 20. Ne2 Bc6 21. Nc3 O-O-O
22. O-O Rhe8 23. g5 c4 24. bxc4 Nxe4 25. Nxe4 Rxe4 26. gxh6 Bc5+ 27. Kg2 gxh6
28. Bxe4 Bxe4 29. Qd1 Rg8+ 30. Kh1 Qd7 0-1

[Event "Bundesliga 0102"]
[Site "Deutschland"]
[Date "2002.04.13"]
[Round "12.6"]
[White "Straeter, Timo"]
[Black "Mueller, Karsten"]
[Result "0-1"]
[WhiteElo "2310"]
[BlackElo "2503"]
[PlyCount "82"]
[EventDate "2001.10.06"]
[EventType "team"]
[EventRounds "15"]
[EventCountry "GER"]
[SourceTitle "Bundesliga 0102"]
[Source "DeepChess"]
[SourceDate "2005.01.01"]
[SourceVersion "1"]
[SourceVersionDate "2005.01.01"]
[SourceQuality "1"]
[WhiteTeam "SV Wattenscheid 1930"]
[BlackTeam "Hamburger SK 1830 e.V."]
[WhiteTeamCountry "GER"]
[BlackTeamCountry "GER"]

1. d4 d5 2. c4 c6 3. Nf3 Nf6 4. e3 Bf5 5. Bd3 Bxd3 6. Qxd3 e6 7. O-O Nbd7 8.
Nc3 Be7 9. e4 dxe4 10. Nxe4 Nxe4 11. Qxe4 O-O 12. Bd2 Qc7 13. Rac1 Rfd8 14.
Rfd1 Bf6 15. Bc3 h6 16. Qe3 Qb6 17. Rd2 a5 18. h4 a4 19. g4 Nf8 20. g5 hxg5 21.
hxg5 Be7 22. Ne5 Qc7 23. f4 f6 24. gxf6 Bxf6 25. Rh2 Bxe5 26. fxe5 Qf7 27. Rf1
Qg6+ 28. Rg2 Qh7 29. Qg5 Rd7 30. Rh2 Qd3 31. Qg4 Re8 32. Rf3 Qb1+ 33. Rf1 Qd3
34. Rh3 Qc2 35. Rf2 Qb1+ 36. Kh2 Rf7 37. Rxf7 Kxf7 38. Qh5+ Ng6 39. Rf3+ Kg8
40. Rg3 Qc2+ 41. Rg2 Qxg2+ 0-1

[Event "Bundesliga 0102"]
[Site "Deutschland"]
[Date "2002.04.13"]
[Round "12.7"]
[White "Heinemann, Thies"]
[Black "Franke, Johannes"]
[Result "1/2-1/2"]
[WhiteElo "2465"]
[BlackElo "2305"]
[PlyCount "96"]
[EventDate "2001.10.06"]
[EventType "team"]
[EventRounds "15"]
[EventCountry "GER"]
[SourceTitle "Bundesliga 0102"]
[Source "DeepChess"]
[SourceDate "2005.01.01"]
[SourceVersion "1"]
[SourceVersionDate "2005.01.01"]
[SourceQuality "1"]
[WhiteTeam "Hamburger SK 1830 e.V."]
[BlackTeam "SV Wattenscheid 1930"]
[WhiteTeamCountry "GER"]
[BlackTeamCountry "GER"]

1. e4 c6 2. d4 d5 3. e5 Bf5 4. Nf3 e6 5. Be2 Nd7 6. O-O Bg4 7. h3 Bxf3 8. Bxf3
Ne7 9. Re1 Nf5 10. Bg4 Ne7 11. Nc3 g6 12. h4 h5 13. Bh3 Bh6 14. Bxh6 Rxh6 15.
Qd2 Rh8 16. Ne2 Nf8 17. g3 Nf5 18. Rac1 Qe7 19. b3 Nh7 20. c4 dxc4 21. bxc4 Rd8
22. Bxf5 exf5 23. d5 g5 24. Nd4 gxh4 25. e6 Qg5 26. Qxg5 Nxg5 27. e7 Rd6 28. f4
c5 29. Nxf5 Nf3+ 30. Kf1 Nxe1 31. Nxd6+ Kxe7 32. Nf5+ Kf6 33. Nxh4 Nd3 34. Rc3
Nb4 35. a3 Na6 36. Re3 Nb8 37. Nf3 Nd7 38. Ng5 Nb6 39. Ne4+ Kg6 40. Nxc5 Nxc4
41. Re7 Rd8 42. Rxb7 Rxd5 43. Nd7 Ra5 44. Rc7 Ne3+ 45. Ke2 Rxa3 46. Ne5+ Kf5
47. Rxf7+ Ke4 48. Nf3 Nd5 1/2-1/2

[Event "Bundesliga 0102"]
[Site "Deutschland"]
[Date "2002.04.13"]
[Round "12.8"]
[White "Thiel, Thomas"]
[Black "Sebastian, Dirk"]
[Result "1/2-1/2"]
[WhiteElo "2314"]
[BlackElo "2361"]
[PlyCount "108"]
[EventDate "2001.10.06"]
[EventType "team"]
[EventRounds "15"]
[EventCountry "GER"]
[SourceTitle "Bundesliga 0102"]
[Source "DeepChess"]
[SourceDate "2005.01.01"]
[SourceVersion "1"]
[SourceVersionDate "2005.01.01"]
[SourceQuality "1"]
[WhiteTeam "SV Wattenscheid 1930"]
[BlackTeam "Hamburger SK 1830 e.V."]
[WhiteTeamCountry "GER"]
[BlackTeamCountry "GER"]

1. e4 e5 2. f4 exf4 3. Nf3 g5 4. d4 Bg7 5. Bc4 Nc6 6. O-O h6 7. g3 d6 8. c3 Nf6
9. gxf4 g4 10. Ng5 d5 11. exd5 Nxd5 12. Ne4 Nce7 13. Qe2 O-O 14. Qg2 c6 15. Na3
Nf5 16. Nc2 Re8 17. Bd3 Nh4 18. Qg3 Nf3+ 19. Kh1 Bf5 20. Nf2 Bxd3 21. Nxd3 Re2
22. Rf2 Rxf2 23. Qxf2 Qf6 24. Ne5 Nxe5 25. dxe5 Qf5 26. Ne3 Qe4+ 27. Qg2 Qd3
28. Nxg4 Kf8 29. Bd2 h5 30. Nf6 Bxf6 31. exf6 Nxf6 32. Rg1 Rd8 33. Qg7+ Ke7 34.
Re1+ Kd7 35. Qxf7+ Kc8 36. Qe6+ Kb8 37. Be3 Ng4 38. h3 Rd6 39. Qe8+ Rd8 40. Qe6
Rd6 41. Qg8+ Rd8 42. Qe6 Rd6 43. Qe7 Qd5+ 44. Kg1 Nxe3 45. Rxe3 Rg6+ 46. Kf2
Qd2+ 47. Kf1 Qc1+ 48. Kf2 Qd2+ 49. Kf1 Qd1+ 50. Kf2 Qg1+ 51. Ke2 Rg2+ 52. Kf3
Rg3+ 53. Ke2 Rg2+ 54. Kf3 Rg3+ 1/2-1/2

[Event "Bundesliga 0102"]
[Site "Deutschland"]
[Date "2002.04.13"]
[Round "12.2"]
[White "Appel, Ralf"]
[Black "Epishin, Vladimir"]
[Result "1-0"]
[WhiteElo "2512"]
[BlackElo "2583"]
[PlyCount "83"]
[EventDate "2001.10.06"]
[EventType "team"]
[EventRounds "15"]
[EventCountry "GER"]
[SourceTitle "Bundesliga 0102"]
[Source "DeepChess"]
[SourceDate "2005.01.01"]
[SourceVersion "1"]
[SourceVersionDate "2005.01.01"]
[SourceQuality "1"]
[WhiteTeam "SV Castrop Rauxel 1923"]
[BlackTeam "Luebecker SV von 1873 "]
[WhiteTeamCountry "GER"]
[BlackTeamCountry "GER"]

1. Nf3 g6 2. g3 Bg7 3. Bg2 e5 4. O-O Nc6 5. c4 f5 6. Nc3 d6 7. Rb1 Nf6 8. b4 e4
9. Ne1 O-O 10. d3 Be6 11. b5 Ne7 12. dxe4 fxe4 13. Nxe4 Nxe4 14. Bxe4 Bxc4 15.
a4 d5 16. Bg2 Qe8 17. Ba3 Rd8 18. Nd3 Rf7 19. Nb2 Bxb2 20. Rxb2 Nf5 21. Qd2 Qe5
22. Rd1 Rfd7 23. e3 Qe6 24. Qb4 h5 25. Rbd2 c6 26. e4 Nh6 27. Bb2 Kh7 28. Qc3
Rf7 29. exd5 cxd5 30. Bxd5 Bxd5 31. Rxd5 Rdf8 32. Rd8 Rxd8 33. Rxd8 g5 34. Qd3+
Nf5 35. h3 g4 36. hxg4 hxg4 37. Rh8+ Kg6 38. Rg8+ Kh5 39. Rh8+ Kg6 40. Rg8+ Kh5
41. Qd2 Qf6 42. Bxf6 1-0

[Event "Bundesliga 0102"]
[Site "Deutschland"]
[Date "2002.04.13"]
[Round "12.5"]
[White "Hansen, Lars Bo"]
[Black "Hoffmann, Michael"]
[Result "1/2-1/2"]
[WhiteElo "2586"]
[BlackElo "2448"]
[PlyCount "48"]
[EventDate "2001.10.06"]
[EventType "team"]
[EventRounds "15"]
[EventCountry "GER"]
[SourceTitle "Bundesliga 0102"]
[Source "DeepChess"]
[SourceDate "2005.01.01"]
[SourceVersion "1"]
[SourceVersionDate "2005.01.01"]
[SourceQuality "1"]
[WhiteTeam "Luebecker SV von 1873 "]
[BlackTeam "SV Castrop Rauxel 1923"]
[WhiteTeamCountry "GER"]
[BlackTeamCountry "GER"]

1. c4 Nf6 2. Nc3 c5 3. Nf3 e6 4. g3 b6 5. Bg2 Bb7 6. O-O d6 7. d4 cxd4 8. Nxd4
Bxg2 9. Kxg2 Qc7 10. Qd3 a6 11. Qf3 Ra7 12. Ndb5 axb5 13. Nxb5 Qb7 14. Nxa7
Qxa7 15. a4 Be7 16. Be3 Qc7 17. b4 O-O 18. a5 bxa5 19. bxa5 Qxc4 20. a6 Nxa6
21. Rfc1 Qb5 22. Rcb1 Qc4 23. Rc1 Qb5 24. Rcb1 Qc4 1/2-1/2

[Event "Bundesliga 0102"]
[Site "Deutschland"]
[Date "2002.04.13"]
[Round "12.6"]
[White "Dinstuhl, Volkmar"]
[Black "Conquest, Stuart"]
[Result "1-0"]
[WhiteElo "2402"]
[BlackElo "2565"]
[PlyCount "105"]
[EventDate "2001.10.06"]
[EventType "team"]
[EventRounds "15"]
[EventCountry "GER"]
[SourceTitle "Bundesliga 0102"]
[Source "DeepChess"]
[SourceDate "2005.01.01"]
[SourceVersion "1"]
[SourceVersionDate "2005.01.01"]
[SourceQuality "1"]
[WhiteTeam "SV Castrop Rauxel 1923"]
[BlackTeam "Luebecker SV von 1873 "]
[WhiteTeamCountry "GER"]
[BlackTeamCountry "GER"]

1. Nf3 c5 2. c4 Nf6 3. Nc3 Nc6 4. d4 cxd4 5. Nxd4 e6 6. g3 Qb6 7. Ndb5 Ne5 8.
Bf4 Nfg4 9. e3 a6 10. h3 axb5 11. hxg4 Ng6 12. Rh5 bxc4 13. Rb5 Qc6 14. Qd4 f6
15. O-O-O e5 16. Bxe5 fxe5 17. Rxe5+ Nxe5 18. Qxe5+ Qe6 19. Qf4 Qf7 20. Qe5+
Be7 21. Rd4 d6 22. Qb5+ Bd7 23. Qxb7 Rc8 24. Rf4 Qe6 25. Re4 Bc6 26. Qxc6+ Rxc6
27. Rxe6 Kd7 28. Re4 Bf6 29. Bxc4 Rb8 30. Kc2 Bxc3 31. bxc3 Rcb6 32. Bb3 Rf8
33. f4 Kd8 34. Ra4 Re8 35. e4 Rb7 36. Bd5 Rc7 37. Rb4 Kd7 38. a4 Rec8 39. c4
Ra7 40. Kd3 h6 41. Kd4 Rf8 42. f5 Re8 43. a5 Rxa5 44. Rb7+ Kd8 45. Rxg7 Rh8 46.
Be6 Ra3 47. Rb7 Rf8 48. Rd7+ Ke8 49. Rxd6 Rxg3 50. Bd5 Rxg4 51. Ke5 Rg7 52. f6
Rc7 53. Ke6 1-0

[Event "Bundesliga 0102"]
[Site "Deutschland"]
[Date "2002.04.13"]
[Round "12.1"]
[White "Hracek, Zbynek"]
[Black "Lutz, Christopher"]
[Result "1/2-1/2"]
[WhiteElo "2610"]
[BlackElo "2643"]
[PlyCount "33"]
[EventDate "2001.10.06"]
[EventType "team"]
[EventRounds "15"]
[EventCountry "GER"]
[SourceTitle "Bundesliga 0102"]
[Source "DeepChess"]
[SourceDate "2005.01.01"]
[SourceVersion "1"]
[SourceVersionDate "2005.01.01"]
[SourceQuality "1"]
[WhiteTeam "SAbt SV Werder Bremen"]
[BlackTeam "SG Porz e.V."]
[WhiteTeamCountry "GER"]
[BlackTeamCountry "GER"]

1. e4 c5 2. Nf3 e6 3. d4 cxd4 4. Nxd4 Nc6 5. Nc3 Qc7 6. Be2 a6 7. O-O Nf6 8.
Be3 Be7 9. f4 d6 10. Qe1 O-O 11. Rd1 Bd7 12. Qg3 Kh8 13. Nf3 Nb4 14. e5 dxe5
15. fxe5 Nfd5 16. Bg5 Bc6 17. Nxd5 1/2-1/2

[Event "Bundesliga 0102"]
[Site "Deutschland"]
[Date "2002.04.13"]
[Round "12.2"]
[White "Van Wely, Loek"]
[Black "Schandorff, Lars"]
[Result "1/2-1/2"]
[WhiteElo "2695"]
[BlackElo "2551"]
[PlyCount "127"]
[EventDate "2001.10.06"]
[EventType "team"]
[EventRounds "15"]
[EventCountry "GER"]
[SourceTitle "Bundesliga 0102"]
[Source "DeepChess"]
[SourceDate "2005.01.01"]
[SourceVersion "1"]
[SourceVersionDate "2005.01.01"]
[SourceQuality "1"]
[WhiteTeam "SG Porz e.V."]
[BlackTeam "SAbt SV Werder Bremen"]
[WhiteTeamCountry "GER"]
[BlackTeamCountry "GER"]

1. d4 Nf6 2. c4 e6 3. g3 d5 4. Nf3 Bb4+ 5. Bd2 Be7 6. Bg2 O-O 7. O-O c6 8. Qc2
Nbd7 9. Rd1 b6 10. Bf4 Nh5 11. Bc1 Nhf6 12. Bf4 Nh5 13. Bc1 Nhf6 14. Nc3 Ba6
15. b3 Rc8 16. e4 dxc4 17. Bf4 b5 18. bxc4 bxc4 19. d5 cxd5 20. exd5 Nxd5 21.
Nxd5 exd5 22. Rxd5 Bb7 23. Rdd1 Bf6 24. Rab1 Bc6 25. Ne5 Bxe5 26. Bxe5 Qa5 27.
Bc3 Qc7 28. Qf5 g6 29. Qg5 f6 30. Bd5+ Kg7 31. Be6 Rce8 32. Bxd7 Bxd7 33. Qf4
Qc8 34. Rd6 Bf5 35. Qd4 Re6 36. Rxe6 Qxe6 37. Rb7+ Rf7 38. Qxa7 Rxb7 39. Qxb7+
Qd7 40. Qf3 h5 41. h4 Kf7 42. Qf4 Qc6 43. f3 Qb6+ 44. Kg2 Qe6 45. Qd2 Bd3 46.
a4 Qe2+ 47. Qxe2 Bxe2 48. a5 Bd1 49. Kf2 Ba4 50. Ke3 Bc6 51. g4 Ke6 52. a6 Bb5
53. a7 Bc6 54. Kf4 Bb7 55. Kg3 Bc6 56. f4 f5 57. gxh5 gxh5 58. Kf2 Kd5 59. Ke3
Bb7 60. Be5 Bc6 61. Kd2 Kc5 62. Kc3 Kb6 63. Bd4+ Kb7 64. Kxc4 1/2-1/2

[Event "Bundesliga 0102"]
[Site "Deutschland"]
[Date "2002.04.13"]
[Round "12.3"]
[White "McShane, Luke J"]
[Black "Sokolov, Ivan"]
[Result "0-1"]
[WhiteElo "2511"]
[BlackElo "2659"]
[PlyCount "74"]
[EventDate "2001.10.06"]
[EventType "team"]
[EventRounds "15"]
[EventCountry "GER"]
[SourceTitle "Bundesliga 0102"]
[Source "DeepChess"]
[SourceDate "2005.01.01"]
[SourceVersion "1"]
[SourceVersionDate "2005.01.01"]
[SourceQuality "1"]
[WhiteTeam "SAbt SV Werder Bremen"]
[BlackTeam "SG Porz e.V."]
[WhiteTeamCountry "GER"]
[BlackTeamCountry "GER"]

1. e4 e5 2. Nf3 Nc6 3. Bb5 a6 4. Ba4 Nf6 5. O-O Be7 6. Re1 b5 7. Bb3 d6 8. c3
O-O 9. d4 Bg4 10. d5 Na5 11. Bc2 Qc8 12. h3 Bd7 13. Nbd2 c6 14. dxc6 Qxc6 15.
Nf1 Nb7 16. N3h2 Nc5 17. Ng3 Rfe8 18. Qf3 a5 19. Nf5 b4 20. Nxe7+ Rxe7 21. Bg5
Re6 22. c4 h6 23. Bd2 Qa6 24. Qe2 Bc6 25. f3 Nh5 26. Ng4 Rg6 27. b3 Ne6 28. Qf2
Bd7 29. Kh2 Qc8 30. Ne3 Nd4 31. Bd3 Nf4 32. Bf1 Qc5 33. Rac1 Kh8 34. Nd5 Nxh3
35. Qe3 Nf4 36. Red1 Bh3 37. Nxf4 exf4 0-1

[Event "Bundesliga 0102"]
[Site "Deutschland"]
[Date "2002.04.13"]
[Round "12.4"]
[White "Vaganian, Rafael A"]
[Black "Pelletier, Yannick"]
[Result "1-0"]
[WhiteElo "2650"]
[BlackElo "2531"]
[PlyCount "81"]
[EventDate "2001.10.06"]
[EventType "team"]
[EventRounds "15"]
[EventCountry "GER"]
[SourceTitle "Bundesliga 0102"]
[Source "DeepChess"]
[SourceDate "2005.01.01"]
[SourceVersion "1"]
[SourceVersionDate "2005.01.01"]
[SourceQuality "1"]
[WhiteTeam "SG Porz e.V."]
[BlackTeam "SAbt SV Werder Bremen"]
[WhiteTeamCountry "GER"]
[BlackTeamCountry "GER"]

1. d4 e6 2. g3 Nf6 3. Bg2 d5 4. Nf3 Be7 5. c4 O-O 6. O-O c6 7. b3 Nbd7 8. Qc2
b6 9. Bb2 Bb7 10. Nc3 Qc7 11. Rac1 dxc4 12. bxc4 c5 13. Nb5 Qb8 14. e3 a6 15.
Nc3 b5 16. dxc5 b4 17. Na4 Be4 18. Qe2 Qb7 19. Bd4 Rad8 20. Rfd1 Qc6 21. Nb2
Qc7 22. Nd3 Bxd3 23. Rxd3 e5 24. c6 e4 25. cxd7 exd3 26. Qb2 Nxd7 27. Bxg7 Rfe8
28. Bd4 a5 29. Ne1 Nc5 30. Bd5 Rb8 31. Qd2 b3 32. Qd1 Qd6 33. Bxc5 Qxc5 34.
Nxd3 Qd6 35. axb3 Bf6 36. Qg4+ Kh8 37. Qf5 Qe7 38. c5 Rbd8 39. Rc4 Rg8 40. Re4
Rg5 41. Qf4 1-0

[Event "Bundesliga 0102"]
[Site "Deutschland"]
[Date "2002.04.13"]
[Round "12.5"]
[White "Knaak, Rainer"]
[Black "Hansen, Curt"]
[Result "0-1"]
[WhiteElo "2494"]
[BlackElo "2626"]
[PlyCount "74"]
[EventDate "2001.10.06"]
[EventType "team"]
[EventRounds "15"]
[EventCountry "GER"]
[SourceTitle "Bundesliga 0102"]
[Source "DeepChess"]
[SourceDate "2005.01.01"]
[SourceVersion "1"]
[SourceVersionDate "2005.01.01"]
[SourceQuality "1"]
[WhiteTeam "SAbt SV Werder Bremen"]
[BlackTeam "SG Porz e.V."]
[WhiteTeamCountry "GER"]
[BlackTeamCountry "GER"]

1. d4 Nf6 2. Bg5 d5 3. e3 c6 4. Bxf6 exf6 5. c4 dxc4 6. Bxc4 Bd6 7. Nc3 O-O 8.
Nf3 Nd7 9. Qc2 f5 10. O-O-O Nf6 11. h3 Qa5 12. Nd2 Bb4 13. Nb3 Qd8 14. Kb1 a5
15. Nc1 a4 16. a3 Bxc3 17. Qxc3 b5 18. Ba2 Ne4 19. Qc2 b4 20. axb4 a3 21. Nd3
Qe7 22. Bc4 axb2 23. Kxb2 Rb8 24. Ra1 f4 25. Ra4 Bf5 26. Bb3 Nxf2 27. Qxf2 Bxd3
28. Qxf4 Bb5 29. Ra3 Qxb4 30. Rc1 Bc4 31. Rc3 Bd5 32. Qf2 Ra8 33. Rxa8 Rxa8 34.
Qe2 Be4 35. Rc5 Qa3+ 36. Kc3 Qc1+ 37. Kb4 Rb8+ 0-1

[Event "Bundesliga 0102"]
[Site "Deutschland"]
[Date "2002.04.13"]
[Round "12.6"]
[White "Graf, Alexander"]
[Black "Joachim, Sven"]
[Result "1-0"]
[WhiteElo "2610"]
[BlackElo "2443"]
[PlyCount "59"]
[EventDate "2001.10.06"]
[EventType "team"]
[EventRounds "15"]
[EventCountry "GER"]
[SourceTitle "Bundesliga 0102"]
[Source "DeepChess"]
[SourceDate "2005.01.01"]
[SourceVersion "1"]
[SourceVersionDate "2005.01.01"]
[SourceQuality "1"]
[WhiteTeam "SG Porz e.V."]
[BlackTeam "SAbt SV Werder Bremen"]
[WhiteTeamCountry "GER"]
[BlackTeamCountry "GER"]

1. d4 Nf6 2. c4 g6 3. Nc3 Bg7 4. e4 d6 5. f3 O-O 6. Be3 c5 7. Nge2 Nc6 8. d5
Ne5 9. Ng3 e6 10. Be2 exd5 11. cxd5 h5 12. O-O Nh7 13. Qd2 h4 14. Nh1 g5 15. g4
hxg3 16. hxg3 f5 17. f4 Nf7 18. Kg2 gxf4 19. gxf4 fxe4 20. Ng3 Nh6 21. Ncxe4
Nf5 22. Bd3 Qh4 23. Rh1 Qg4 24. Be2 Nxe3+ 25. Qxe3 Qxf4 26. Qd3 Bh6 27. Raf1
Qe3 28. Nxd6 Qxd3 29. Bxd3 Rxf1 30. Kxf1 1-0

[Event "Bundesliga 0102"]
[Site "Deutschland"]
[Date "2002.04.13"]
[Round "12.7"]
[White "Meins, Gerlef"]
[Black "Van den Doel, Erik"]
[Result "0-1"]
[WhiteElo "2415"]
[BlackElo "2607"]
[PlyCount "90"]
[EventDate "2001.10.06"]
[EventType "team"]
[EventRounds "15"]
[EventCountry "GER"]
[SourceTitle "Bundesliga 0102"]
[Source "DeepChess"]
[SourceDate "2005.01.01"]
[SourceVersion "1"]
[SourceVersionDate "2005.01.01"]
[SourceQuality "1"]
[WhiteTeam "SAbt SV Werder Bremen"]
[BlackTeam "SG Porz e.V."]
[WhiteTeamCountry "GER"]
[BlackTeamCountry "GER"]

1. d4 Nf6 2. c4 e6 3. g3 c5 4. Nf3 cxd4 5. Nxd4 Qc7 6. b3 Bb4+ 7. Bd2 Bc5 8.
Bc3 Ne4 9. Bg2 Nxc3 10. Nxc3 Nc6 11. e3 Qe5 12. Nde2 b6 13. O-O Bb7 14. Ne4 Be7
15. Qd2 Rd8 16. Rad1 d5 17. cxd5 Rxd5 18. Qc1 Rxd1 19. Rxd1 O-O 20. Rd7 Qb8 21.
Nd4 Nxd4 22. exd4 Rc8 23. Qe3 Rc7 24. Qf4 e5 25. Rxc7 exf4 26. Rxb7 Qd8 27.
Rxa7 Bf8 28. d5 f5 29. Nd2 Qe8 30. d6 Qe1+ 31. Nf1 Bxd6 32. Bd5+ Kf8 33. Rf7+
Ke8 34. Rxf5 Kd8 35. Bc4 g6 36. Rd5 Ke7 37. a4 Bc5 38. Rd2 f3 39. h4 h6 40. Bd5
Qe2 41. Bc4 Bxf2+ 42. Kh2 Qe1 43. Rd3 Bxg3+ 44. Nxg3 Qf2+ 45. Kh3 h5 0-1

[Event "Bundesliga 0102"]
[Site "Deutschland"]
[Date "2002.04.13"]
[Round "12.8"]
[White "Bauer, Christian"]
[Black "Heissler, Jakob"]
[Result "1/2-1/2"]
[WhiteElo "2576"]
[BlackElo "2437"]
[PlyCount "122"]
[EventDate "2001.10.06"]
[EventType "team"]
[EventRounds "15"]
[EventCountry "GER"]
[SourceTitle "Bundesliga 0102"]
[Source "DeepChess"]
[SourceDate "2005.01.01"]
[SourceVersion "1"]
[SourceVersionDate "2005.01.01"]
[SourceQuality "1"]
[WhiteTeam "SG Porz e.V."]
[BlackTeam "SAbt SV Werder Bremen"]
[WhiteTeamCountry "GER"]
[BlackTeamCountry "GER"]

1. d4 Nf6 2. c4 g6 3. Nf3 Bg7 4. g3 O-O 5. Bg2 d6 6. Nc3 Nbd7 7. O-O e5 8. e4
a6 9. Re1 exd4 10. Nxd4 Re8 11. h3 Ne5 12. b3 c5 13. Nc2 Rb8 14. a4 Be6 15. Rb1
Qc8 16. g4 Nc6 17. Bb2 h5 18. Nd5 Bxd5 19. cxd5 Nd4 20. Nxd4 cxd4 21. Rc1 Qd8
22. Bxd4 hxg4 23. hxg4 Nd7 24. Be3 Qh4 25. f3 Bh6 26. f4 Bg7 27. Bf2 Qf6 28.
Qd2 g5 29. e5 dxe5 30. fxg5 Qd6 31. Be4 Rbc8 32. Kg2 Nc5 33. Rxc5 Rxc5 34. Bxc5
Qxc5 35. d6 Rd8 36. d7 Kf8 37. Rc1 Qd4 38. Qxd4 exd4 39. Bxb7 Rxd7 40. Bxa6 d3
41. Rd1 d2 42. Bb5 Rd5 43. Bc4 Rd7 44. a5 Bc3 45. a6 Kg7 46. Bb5 Re7 47. Bc6
Kg6 48. Bb7 Re2+ 49. Kg3 Bd4 50. Kf4 Be3+ 51. Kf3 Re1 52. Be4+ Kxg5 53. Bc2 Kf6
54. b4 Ke5 55. b5 Rxd1 56. Bxd1 Bb6 57. Ke2 f6 58. Kxd2 Kd6 59. Be2 Kc7 60. Kd3
Kb8 61. Ke4 Ka7 1/2-1/2